Straty vody vo vodovodných systémoch a spôsoby ich znižovania : Edícia vedeckých prác - Zošit č.22
Saved in:
| Main Author: | |
|---|---|
| Format: | Book |
| Language: | Slovak |
| Published: |
Bratislava :
STU v Bratislave SvF,
2004
|
| Series: | Edícia vedeckých prác
Zošit č.22 |
| Tags: |
No Tags, Be the first to tag this record!
|
MARC
| LEADER | 00000nam a22000003a 4500 | ||
|---|---|---|---|
| 001 | stu93842 | ||
| 005 | 20220321183553.0 | ||
| 008 | 050509s2004----xo------------------slo-d | ||
| 020 | |a 80-227-2206-5 | ||
| 040 | |a STU |b slo | ||
| 041 | 0 | |a slo | |
| 044 | |a xo | ||
| 080 | |a 628.17(043.3) | ||
| 080 | |a 628.147(043.2) | ||
| 100 | 1 | |a Ryša, Ľubomír |4 aut |9 100 | |
| 245 | 1 | |a Straty vody vo vodovodných systémoch a spôsoby ich znižovania : |b Edícia vedeckých prác - Zošit č.22 | |
| 260 | |a Bratislava : |b STU v Bratislave SvF, |c 2004 | ||
| 300 | |a 54 s.;tab.,schémy | ||
| 830 | 0 | |a Edícia vedeckých prác |v Zošit č.22 | |
| 996 | |b 284V017314 |c V*2296/DP-700 |l VVS |s P |a 0 |w stu93842_0001 | ||